Napoléon Quiz - Statistiques

Statistiques générales
  • Ce quiz a été pris 482 fois
  • Le résultat moyen est 11 sur 15
Statistiques - réponses
Question Réponse % Correct
Dans quelle ville Napoléon est-il né ? Ajaccio
99%
Quel est le nom de la bataille où Napoléon a été vaincu définitivement ? Bataille de Waterloo
98%
Quand a eu lieu le sacre de Napoléon ? 2 décembre 1804
96%
Dans quelle bataille Napoléon a-t-il remporté sa plus grande victoire militaire ? Bataille d'Austerlitz
95%
Quel est le nom de la première épouse de Napoléon ? Joséphine de Beauharnais
95%
Quel est le nom de l'île où Napoléon a été exilé et est mort ? Sainte-Hélène
95%
Dans quelle île Napoléon a-t-il été exilé après sa première abdication ? Elbe
92%
Quelle année est né Napoléon ? 1769
82%
Quelle était la taille de Napoléon ? 1,68 m
80%
Quel âge avait Napoléon lorsqu'il est mort ? 51 ans
70%
Quelle était la langue maternelle de Napoléon ? Le corse
67%
Dans quelle bataille Napoléon a-t-il remporté une victoire décisive contre les Prussiens en 1806 ? Bataille d'Iéna
57%
Quel membre de la famille Bonaparte a succédé à Napoléon comme empereur des Français ? Louis Bonaparte
53%
Quel était le surnom de Napoléon ? Le Petit
28%
Quel est le nom de la première grande bataille de Napoléon en Italie, en 1796 ? Bataille de Castiglione
13%
Aucun quiz correspondant
Distribution des résultats
% des personnes avec chaque résultat
Percentile par nombre de réponses
Votre historique - résultats
Vous n’avez pas pris ce quiz